Largest Cities in Umbria - Statistics

General Stats
  • This quiz has been taken 49 times
  • The average score is 6 of 10
Answer Stats
Population City % Correct
163,598 Perugia
97%
107,314 Terni
86%
27,862 Assisi
69%
19,788 Orvieto
66%
55,520 Foligno
62%
38,465 Città di Castello
59%
30,604 Gubbio
59%
36,556 Spoleto
55%
21,204 Bastia Umbra
17%
21,432 Corciano
14%
No matching quizzes found
Score Distribution
Percent of People with Each Score
Percentile by Number Answered
Your Score History
You have not taken this quiz